Účinky kapitálového trhu na makroekonomickú dynamiku a rovnováhu

Na minha lista:
Detalhes bibliográficos
Autor principal: Piovarčiová, Veronika, 1951-
Formato: Capítulo de Livro
Idioma:eslovaco
Tags: Adicionar Tag
Sem tags, seja o primeiro a adicionar uma tag!

MARC

LEADER 00000nla$a2200000$$$4500
001 0112430
005 20240502072240.5
041 0 |a slo 
044 |a SK 
245 1 0 |a Účinky kapitálového trhu na makroekonomickú dynamiku a rovnováhu  |c Veronika Piovarčiová 
100 1 |a Piovarčiová, Veronika, 1951-